000 00516nam a22001577a 4500
008 150121b xxu||||| |||| 00| 0 eng d
020 _a9780805860108
050 _aQP376.S355 2006
100 _aSchulkin, Jay
_914553
245 _aEffort:
_ba behavioral neuroscience perspective on the will
_cJay Schulkin
260 _aNew Jersey
_bLawrence Erlbaum Associates, Publishers
_c2006
300 _axvii, 180p. ;
_c22cm.
650 _aBrain
_xphysiology
_914383
650 _aMotivation
_914554
942 _2lcc
_cMONOGRAPH
999 _c121873
_d121873